MARC

LEADER 00000nam0a2200000 4500
001 299212
005 20231102001200.0
035 |a (RuTPU)RU\TPU\book\324364 
090 |a 299212 
100 |a 20150625d1983 k y0rusy5003 ca 
101 1 |a rus  |c eng 
102 |a RU 
105 |a y z 001zy 
200 1 |a Категорный подход к изучению пространств с особенностями  |e пер. с англ.  |f У. Фултон, Р. Мак-Ферсон 
210 |a Москва  |c Мир  |d 1983 
215 |a 216 с. 
225 1 |a Математика. Новое в зарубежной науке  |v №33 
320 |a Библиография: с. 198-206 
320 |a Именной и предметный указатель: 207-211 
606 1 |a Пространства топологические  |x (топология)  |2 stltpush  |3 (RuTPU)RU\TPU\subj\60997  |9 78214 
610 1 |a бивариантные теории 
610 1 |a топологические теории 
610 1 |a ориентация 
610 1 |a трансфер 
610 1 |a классы Уитни 
610 1 |a двойственность Гротендика 
610 1 |a операционные теории 
610 1 |a формула Римана-Роха 
610 1 |a комплексы 
675 |a 515.122  |v 4 
700 1 |a Фултон  |b У.  |g Уильям 
701 1 |a Мак-Ферсон  |b Р.  |g Роберт 
801 0 |a RU  |b RuMRKP  |c 19950417  |g psbo 
801 1 |a RU  |b 63413507  |c 20150625 
801 2 |a RU  |b 63413507  |c 20170801  |g RCR 
942 |c BK